Dimenzie GIS Geografický informačný systém Povodia Dunaja

GIS (Geografický informačný systém) je súbor technických a programových prostriedkov pre uchovanie, spracovanie a využitie geografických informácií v grafickej a alfanumerickej forme. Budovanie GIS-u PD (Povodia Dunaja). Topografický podklad. Súčasné možnosti použitia GIS PD.

Salvato in:
Dettagli Bibliografici
Natura: Capitolo di libro
Lingua:slovacco
Soggetti:
Tags: Aggiungi Tag
Nessun Tag, puoi essere il primo ad aggiungerne!!

MARC

LEADER 00000naa a2200000 4500
001 r024592
005 20221205091522.8
041 0 |a slo 
044 |a SK 
245 1 0 |a Dimenzie GIS  |b Geografický informačný systém Povodia Dunaja 
520 |a GIS (Geografický informačný systém) je súbor technických a programových prostriedkov pre uchovanie, spracovanie a využitie geografických informácií v grafickej a alfanumerickej forme. Budovanie GIS-u PD (Povodia Dunaja). Topografický podklad. Súčasné možnosti použitia GIS PD. 
610 2 0 |a GIS 
610 2 0 |a Povodie Dunaja Bratislava 
610 2 0 |a systémy informačné geografické 
610 2 0 |a toky vodné 
610 2 0 |a Dunaj 
610 2 0 |a systémy informačné 
610 2 0 |a grafika počítačová 
610 2 0 |a geografia